Čítanka stavebných výkresov

Salvato in:
Dettagli Bibliografici
Autore principale: Doseděl, Antonín (Autore)
Natura: Libro
Lingua:slovacco
Pubblicazione: Bratislava : Alfa, 1973
Edizione:2. vyd.
Tags: Aggiungi Tag
Nessun Tag, puoi essere il primo ad aggiungerne!!

MARC

LEADER 00000nam a22000003a 4500
001 stu195385
005 20150617230028.8
008 091103s1973----cs------------------slo-d
040 |a STU  |b slo 
041 0 |a slo 
044 |a cs 
080 |a 69:744.4 
100 1 |a Doseděl, Antonín  |4 aut 
245 1 |a Čítanka stavebných výkresov 
250 |a 2. vyd. 
260 |a Bratislava :  |b Alfa,  |c 1973 
300 |a 156 s 
996 |b 284V035471  |c V*9456/O-1876  |l VVS  |s A  |a 24  |w stu195385_0001 
996 |b 284V035477  |c V*9459/O-1576c  |l VVS  |s A  |a 24  |w stu195385_0002